Cambridge dictionary: (Record no. 56777)

MARC details
000 -LEADER
fixed length control field 00617cam a22002171 4500
001 - CONTROL NUMBER
control field sa 64001494
003 - CONTROL NUMBER IDENTIFIER
control field DLC
005 - DATE AND TIME OF LATEST TRANSACTION
control field 20260227112003.0
008 - FIXED-LENGTH DATA ELEMENTS--GENERAL INFORMATION
fixed length control field 840530s1963 ii d 000 0 eng
010 ## - LIBRARY OF CONGRESS CONTROL NUMBER
LC control number sa 64001494
035 ## - SYSTEM CONTROL NUMBER
System control number (OCoLC)10787987
040 ## - CATALOGING SOURCE
Original cataloging agency DLC
Transcribing agency NRU
Modifying agency DLC
041 0# - LANGUAGE CODE
Language code of text/sound track or separate title enghin
042 ## - AUTHENTICATION CODE
Authentication code premarc
050 00 - LIBRARY OF CONGRESS CALL NUMBER
Classification number PK1934
Item number .S5
100 1# - MAIN ENTRY--PERSONAL NAME
Personal name Sharma, R. K.
245 10 - TITLE STATEMENT
Title Cambridge dictionary:
Remainder of title English to Roman & Hindi.
260 ## - PUBLICATION, DISTRIBUTION, ETC.
Place of publication, distribution, etc. Delhi,
Name of publisher, distributor, etc. Available from Cambridge Book & Stationery Stores
Date of publication, distribution, etc. [1963]
300 ## - PHYSICAL DESCRIPTION
Extent vi, 392, xiii p.
Dimensions 17 cm.
650 #0 - SUBJECT ADDED ENTRY--TOPICAL TERM
Topical term or geographic name entry element English language
General subdivision Dictionaries
-- Hindi.

No items available.

Powered by Koha